Matematica veloce: dimezza quel numero! - Statistics

Statistiche generali
  • Questo quiz è stato fatto 576 volte
  • Il punteggio medio è 10 su 20
Statistiche sulle risposte
numero mezzo % Corretto
200 100
100%
212 106
100%
214 107
100%
220 110
100%
224 112
100%
226 113
100%
228 114
100%
232 116
100%
238 119
100%
240 120
100%
242 121
100%
244 122
100%
248 124
100%
250 125
100%
284 142
100%
288 144
100%
30 15
100%
300 150
100%
302 151
100%
340 170
100%
36 18
100%
362 181
100%
40 20
100%
404 202
100%
406 203
100%
408 204
100%
42 21
100%
422 211
100%
430 215
100%
464 232
100%
514 257
100%
52 26
100%
520 260
100%
54 27
100%
548 274
100%
564 282
100%
58 29
100%
588 294
100%
600 300
100%
602 301
100%
604 302
100%
610 305
100%
614 307
100%
622 311
100%
624 312
100%
64 32
100%
642 321
100%
644 322
100%
646 323
100%
66 33
100%
666 333
100%
68 34
100%
680 340
100%
684 342
100%
690 345
100%
70 35
100%
704 352
100%
72 36
100%
74 37
100%
76 38
100%
78 39
100%
80 40
100%
806 403
100%
82 41
100%
84 42
100%
850 425
100%
886 443
100%
900 450
100%
906 453
100%
908 454
100%
92 46
100%
98 49
100%
982 491
100%
10 5
100%
1000 500
100%
1002 501
100%
1012 506
100%
1022 511
100%
1044 522
100%
1054 527
100%
106 53
100%
1066 533
100%
1080 540
100%
110 55
100%
1122 561
100%
1124 562
100%
1140 570
100%
1150 575
100%
1178 589
100%
120 60
100%
1218 609
100%
1228 614
100%
124 62
100%
1240 620
100%
1290 645
100%
130 65
100%
14 7
100%
1406 703
100%
1440 720
100%
1458 729
100%
1460 730
100%
1486 743
100%
1490 745
100%
158 79
100%
1580 790
100%
1582 791
100%
16 8
100%
1604 802
100%
1610 805
100%
1612 806
100%
1618 809
100%
1640 820
100%
1644 822
100%
1654 827
100%
1666 833
100%
168 84
100%
174 87
100%
1742 871
100%
18 9
100%
180 90
100%
1814 907
100%
1832 916
100%
1836 918
100%
1856 928
100%
194 97
100%
1972 986
100%
24 12
90%
316 158
89%
204 102
88%
28 14
88%
32 16
88%
444 222
88%
468 234
88%
86 43
88%
1880 940
88%
320 160
86%
382 191
86%
824 412
86%
880 440
86%
892 446
86%
94 47
86%
100 50
86%
1050 525
86%
1500 750
86%
804 402
85%
310 155
83%
380 190
83%
504 252
83%
506 253
83%
606 303
83%
654 327
83%
706 353
83%
710 355
83%
720 360
83%
846 423
83%
854 427
83%
96 48
83%
1010 505
83%
1014 507
83%
104 52
83%
1182 591
83%
1280 640
83%
1300 650
83%
1410 705
83%
1540 770
83%
1804 902
83%
202 101
80%
290 145
80%
472 236
80%
618 309
80%
628 314
80%
802 401
80%
818 409
80%
870 435
80%
966 483
80%
990 495
80%
1008 504
80%
1016 508
80%
1096 548
80%
112 56
80%
116 58
80%
1210 605
80%
1222 611
80%
1230 615
80%
138 69
80%
150 75
80%
152 76
80%
156 78
80%
1626 813
80%
1652 826
80%
1840 920
80%
1846 923
80%
410 205
78%
530 265
78%
640 320
78%
662 331
78%
838 419
78%
218 109
75%
26 13
75%
260 130
75%
268 134
75%
304 152
75%
314 157
75%
34 17
75%
346 173
75%
360 180
75%
386 193
75%
426 213
75%
48 24
75%
510 255
75%
562 281
75%
636 318
75%
660 330
75%
694 347
75%
772 386
75%
808 404
75%
816 408
75%
866 433
75%
942 471
75%
950 475
75%
1004 502
75%
1024 512
75%
1058 529
75%
1086 543
75%
1110 555
75%
1200 600
75%
1220 610
75%
1238 619
75%
1250 625
75%
1302 651
75%
1328 664
75%
1356 678
75%
1366 683
75%
140 70
75%
1408 704
75%
1498 749
75%
1606 803
75%
1616 808
75%
1628 814
75%
1688 844
75%
1872 936
75%
1874 937
75%
1888 944
75%
1960 980
75%
402 201
71%
420 210
71%
458 229
71%
478 239
71%
558 279
71%
56 28
71%
566 283
71%
830 415
71%
844 422
71%
852 426
71%
1040 520
71%
1074 537
71%
1202 601
71%
1326 663
71%
162 81
71%
1670 835
71%
1870 935
71%
1886 943
71%
448 224
70%
512 256
70%
888 444
70%
1006 503
70%
20 10
67%
208 104
67%
236 118
67%
252 126
67%
264 132
67%
270 135
67%
276 138
67%
280 140
67%
286 143
67%
38 19
67%
394 197
67%
432 216
67%
436 218
67%
438 219
67%
480 240
67%
484 242
67%
486 243
67%
490 245
67%
50 25
67%
516 258
67%
536 268
67%
560 280
67%
60 30
67%
608 304
67%
62 31
67%
664 332
67%
700 350
67%
702 351
67%
718 359
67%
758 379
67%
800 400
67%
810 405
67%
822 411
67%
828 414
67%
860 430
67%
872 436
67%
896 448
67%
90 45
67%
922 461
67%
946 473
67%
962 481
67%
1030 515
67%
1038 519
67%
1042 521
67%
1046 523
67%
1068 534
67%
114 57
67%
1162 581
67%
1164 582
67%
12 6
67%
1244 622
67%
1262 631
67%
1320 660
67%
1414 707
67%
1422 711
67%
1436 718
67%
1496 748
67%
1502 751
67%
160 80
67%
1630 815
67%
1642 821
67%
166 83
67%
1686 843
67%
1724 862
67%
1758 879
67%
1780 890
67%
1802 901
67%
1808 904
67%
1810 905
67%
1828 914
67%
1908 954
67%
760 380
64%
884 442
64%
326 163
63%
370 185
63%
668 334
63%
724 362
63%
732 366
63%
820 410
63%
868 434
63%
986 493
63%
102 51
63%
1082 541
63%
1100 550
63%
1412 706
63%
146 73
63%
1622 811
63%
1664 832
63%
1892 946
63%
1950 975
63%
412 206
62%
424 212
62%
298 149
60%
318 159
60%
338 169
60%
396 198
60%
456 228
60%
46 23
60%
552 276
60%
574 287
60%
580 290
60%
594 297
60%
656 328
60%
682 341
60%
812 406
60%
858 429
60%
890 445
60%
970 485
60%
988 494
60%
1036 518
60%
1048 524
60%
1052 526
60%
118 59
60%
1224 612
60%
1258 629
60%
126 63
60%
1348 674
60%
1360 680
60%
1420 710
60%
1444 722
60%
1452 726
60%
1484 742
60%
154 77
60%
1638 819
60%
1648 824
60%
1650 825
60%
1700 850
60%
1706 853
60%
178 89
60%
1800 900
60%
1822 911
60%
1842 921
60%
1876 938
60%
1924 962
60%
1962 981
60%
688 344
58%
210 105
57%
312 156
57%
322 161
57%
460 230
57%
470 235
57%
502 251
57%
586 293
57%
620 310
57%
692 346
57%
902 451
57%
1020 510
57%
1064 532
57%
108 54
57%
1104 552
57%
132 66
57%
1632 816
57%
172 86
57%
1762 881
57%
1818 909
57%
1848 924
57%
1882 941
57%
1884 942
57%
374 187
56%
428 214
56%
632 316
56%
686 343
56%
920 460
56%
1212 606
56%
1368 684
56%
1548 774
56%
1656 828
56%
1658 829
56%
1890 945
56%
1920 960
56%
1926 963
56%
440 220
55%
556 278
55%
22 11
50%
222 111
50%
246 123
50%
262 131
50%
266 133
50%
292 146
50%
324 162
50%
334 167
50%
348 174
50%
350 175
50%
384 192
50%
398 199
50%
400 200
50%
452 226
50%
466 233
50%
488 244
50%
498 249
50%
500 250
50%
522 261
50%
540 270
50%
544 272
50%
546 273
50%
572 286
50%
576 288
50%
582 291
50%
584 292
50%
590 295
50%
650 325
50%
672 336
50%
708 354
50%
714 357
50%
722 361
50%
726 363
50%
738 369
50%
740 370
50%
776 388
50%
780 390
50%
782 391
50%
784 392
50%
794 397
50%
836 418
50%
840 420
50%
842 421
50%
862 431
50%
864 432
50%
88 44
50%
894 447
50%
910 455
50%
924 462
50%
930 465
50%
940 470
50%
972 486
50%
984 492
50%
998 499
50%
1056 528
50%
1062 531
50%
1076 538
50%
1102 551
50%
1134 567
50%
1152 576
50%
1154 577
50%
1184 592
50%
1194 597
50%
1214 607
50%
1246 623
50%
1252 626
50%
1256 628
50%
1270 635
50%
128 64
50%
1286 643
50%
1292 646
50%
1296 648
50%
1318 659
50%
1332 666
50%
1344 672
50%
1386 693
50%
1390 695
50%
1392 696
50%
1400 700
50%
1418 709
50%
142 71
50%
1428 714
50%
1446 723
50%
1448 724
50%
1472 736
50%
1474 737
50%
148 74
50%
1482 741
50%
1520 760
50%
1530 765
50%
1538 769
50%
1570 785
50%
1596 798
50%
1614 807
50%
1636 818
50%
164 82
50%
1672 836
50%
1678 839
50%
1692 846
50%
170 85
50%
1736 868
50%
1784 892
50%
1794 897
50%
182 91
50%
1826 913
50%
1838 919
50%
184 92
50%
1850 925
50%
1860 930
50%
1862 931
50%
188 94
50%
1902 951
50%
1906 953
50%
1940 970
50%
1944 972
50%
1968 984
50%
378 189
45%
1454 727
45%
1844 922
45%
416 208
44%
570 285
44%
612 306
44%
848 424
44%
1206 603
44%
1264 632
44%
1450 725
44%
1470 735
44%
1646 823
44%
1680 840
44%
1912 956
44%
206 103
43%
306 153
43%
368 184
43%
474 237
43%
578 289
43%
648 324
43%
746 373
43%
756 378
43%
796 398
43%
914 457
43%
916 458
43%
934 467
43%
996 498
43%
1026 513
43%
1034 517
43%
1090 545
43%
1114 557
43%
1144 572
43%
1146 573
43%
1158 579
43%
1216 608
43%
1242 621
43%
1272 636
43%
1338 669
43%
1430 715
43%
1442 721
43%
1546 773
43%
1812 906
43%
1824 912
43%
190 95
43%
1234 617
42%
216 108
40%
254 127
40%
256 128
40%
332 166
40%
352 176
40%
364 182
40%
392 196
40%
414 207
40%
450 225
40%
542 271
40%
638 319
40%
712 356
40%
716 358
40%
728 364
40%
730 365
40%
814 407
40%
832 416
40%
926 463
40%
952 476
40%
980 490
40%
1028 514
40%
1070 535
40%
1092 546
40%
1128 564
40%
1132 566
40%
1192 596
40%
1260 630
40%
1322 661
40%
1334 667
40%
1336 668
40%
134 67
40%
1372 686
40%
1434 717
40%
1438 719
40%
1504 752
40%
1514 757
40%
1522 761
40%
1532 766
40%
1534 767
40%
1600 800
40%
1660 830
40%
1662 831
40%
1684 842
40%
1690 845
40%
1696 848
40%
1714 857
40%
1776 888
40%
1830 915
40%
1966 983
40%
1974 987
40%
1982 991
40%
356 178
38%
390 195
38%
550 275
38%
554 277
38%
630 315
38%
1078 539
38%
1208 604
38%
1276 638
38%
1306 653
38%
1462 731
38%
1816 908
38%
1958 979
38%
198 99
38%
1988 994
38%
768 384
36%
234 117
33%
258 129
33%
272 136
33%
282 141
33%
366 183
33%
376 188
33%
446 223
33%
454 227
33%
476 238
33%
492 246
33%
508 254
33%
524 262
33%
528 264
33%
532 266
33%
616 308
33%
626 313
33%
634 317
33%
670 335
33%
674 337
33%
676 338
33%
698 349
33%
762 381
33%
826 413
33%
834 417
33%
856 428
33%
882 441
33%
932 466
33%
948 474
33%
976 488
33%
1060 530
33%
1094 547
33%
1166 583
33%
1168 584
33%
1176 588
33%
1188 594
33%
122 61
33%
1236 618
33%
1274 637
33%
1298 649
33%
1304 652
33%
1374 687
33%
1402 701
33%
1424 712
33%
1432 716
33%
144 72
33%
1464 732
33%
1466 733
33%
1468 734
33%
1512 756
33%
1516 758
33%
1528 764
33%
1558 779
33%
1562 781
33%
1574 787
33%
1576 788
33%
1586 793
33%
1608 804
33%
1624 812
33%
1674 837
33%
1682 841
33%
1694 847
33%
1698 849
33%
1704 852
33%
1712 856
33%
1744 872
33%
1748 874
33%
1754 877
33%
176 88
33%
1768 884
33%
1770 885
33%
1772 886
33%
1792 896
33%
1834 917
33%
1858 929
33%
1878 939
33%
1896 948
33%
1900 950
33%
1918 959
33%
1938 969
33%
1980 990
33%
526 263
30%
538 269
29%
652 326
29%
774 387
29%
960 480
29%
1112 556
29%
1126 563
29%
1266 633
29%
1352 676
29%
1364 682
29%
1396 698
29%
1456 728
29%
1526 763
29%
1560 780
29%
1634 817
29%
1668 834
29%
1676 838
29%
1752 876
29%
1894 947
29%
1916 958
29%
1928 964
29%
1976 988
29%
1986 993
29%
1934 967
27%
294 147
25%
308 154
25%
354 177
25%
442 221
25%
482 241
25%
494 247
25%
568 284
25%
696 348
25%
742 371
25%
750 375
25%
764 382
25%
898 449
25%
912 456
25%
968 484
25%
978 489
25%
1072 536
25%
1084 542
25%
1088 544
25%
1106 553
25%
1116 558
25%
1148 574
25%
1156 578
25%
1180 590
25%
1186 593
25%
1226 613
25%
1248 624
25%
1254 627
25%
1294 647
25%
1330 665
25%
1346 673
25%
1376 688
25%
1394 697
25%
1398 699
25%
1416 708
25%
1480 740
25%
1506 753
25%
1508 754
25%
1536 768
25%
1550 775
25%
1556 778
25%
1564 782
25%
1572 786
25%
1578 789
25%
1590 795
25%
1592 796
25%
1598 799
25%
1602 801
25%
1620 810
25%
1710 855
25%
1746 873
25%
1750 875
25%
1898 949
25%
192 96
25%
1922 961
25%
1942 971
25%
1946 973
25%
1948 974
25%
1984 992
25%
518 259
22%
534 267
22%
734 367
22%
754 377
22%
1756 878
22%
278 139
20%
342 171
20%
372 186
20%
598 299
20%
658 329
20%
788 394
20%
874 437
20%
876 438
20%
944 472
20%
954 477
20%
1032 516
20%
1268 634
20%
1282 641
20%
1518 759
20%
1566 783
20%
1588 794
20%
1726 863
20%
1764 882
20%
1796 898
20%
1798 899
20%
1820 910
20%
1852 926
20%
1866 933
20%
1868 934
20%
1930 965
20%
1964 982
20%
770 385
17%
964 482
17%
1018 509
17%
1172 586
17%
1196 598
17%
1314 657
17%
1340 670
17%
136 68
17%
1378 689
17%
1524 762
17%
1542 771
17%
1544 772
17%
1594 797
17%
1730 865
17%
274 137
14%
434 217
14%
790 395
14%
974 487
14%
1108 554
14%
1354 677
14%
1380 690
14%
1552 776
14%
1978 989
14%
1118 559
13%
1174 587
13%
1310 655
13%
336 168
11%
744 372
11%
1760 880
11%
752 376
9%
230 115
0%
296 148
0%
328 164
0%
330 165
0%
344 172
0%
358 179
0%
388 194
0%
418 209
0%
44 22
0%
462 231
0%
496 248
0%
592 296
0%
596 298
0%
678 339
0%
736 368
0%
748 374
0%
766 383
0%
778 389
0%
786 393
0%
792 396
0%
798 399
0%
878 439
0%
904 452
0%
918 459
0%
928 464
0%
936 468
0%
938 469
0%
956 478
0%
958 479
0%
992 496
0%
994 497
0%
1098 549
0%
1120 560
0%
1130 565
0%
1136 568
0%
1138 569
0%
1142 571
0%
1160 580
0%
1170 585
0%
1190 595
0%
1198 599
0%
1204 602
0%
1232 616
0%
1278 639
0%
1284 642
0%
1288 644
0%
1308 654
0%
1312 656
0%
1316 658
0%
1324 662
0%
1342 671
0%
1350 675
0%
1358 679
0%
1362 681
0%
1370 685
0%
1382 691
0%
1384 692
0%
1388 694
0%
1404 702
0%
1426 713
0%
1476 738
0%
1478 739
0%
1488 744
0%
1492 746
0%
1494 747
0%
1510 755
0%
1554 777
0%
1568 784
0%
1584 792
0%
1702 851
0%
1708 854
0%
1716 858
0%
1718 859
0%
1720 860
0%
1722 861
0%
1728 864
0%
1732 866
0%
1734 867
0%
1738 869
0%
1740 870
0%
1766 883
0%
1774 887
0%
1778 889
0%
1782 891
0%
1786 893
0%
1788 894
0%
1790 895
0%
1806 903
0%
1854 927
0%
186 93
0%
1864 932
0%
1904 952
0%
1910 955
0%
1914 957
0%
1932 966
0%
1936 968
0%
1952 976
0%
1954 977
0%
1956 978
0%
196 98
0%
1970 985
0%
Nessun quiz corrispondente trovato
Distribuzione punteggi
Percentuale di utenti per punteggio
Percentile per numero di risposta
I tuoi punteggi nel tempo
Non hai fatto questo quiz